Основы менеджмента: учебное пособие

Bibliographic Details
Main Author: Круглова Н. Ю. Наталья Юрьевна
Summary:Рассматриваются вопросы проектирования систем управления организациями. Раскрываются сущность и содержание основных отраслей менеджмента, таких как стратегический и инновационный менеджмент. Специальная тема посвящена инструментам эффективности управления персоналом. Большое внимание уделяется вопросам антикризисного управления и повышения эффективности предпринимательской деятельности. Текстовый материал книги сопровождается пояснительными таблицами, рисунками и схемами.
Language:Russian
Published: Москва, КноРус, 2009
Subjects:
Format: Book
KOHA link:https://koha.lib.tpu.ru/cgi-bin/koha/opac-detail.pl?biblionumber=165701

MARC

LEADER 00000nam0a2200000 4500
001 165701
005 20231101222554.0
010 |a 9785406000182 
035 |a (RuTPU)RU\TPU\book\179746 
090 |a 165701 
100 |a 20090922d2009 m y0rusy50 ca 
101 0 |a rus 
102 |a RU 
105 |a y j 000zy 
200 1 |a Основы менеджмента  |e учебное пособие  |f Н. Ю. Круглова 
210 |a Москва  |c КноРус  |d 2009 
215 |a 500 с. 
330 |a Рассматриваются вопросы проектирования систем управления организациями. Раскрываются сущность и содержание основных отраслей менеджмента, таких как стратегический и инновационный менеджмент. Специальная тема посвящена инструментам эффективности управления персоналом. Большое внимание уделяется вопросам антикризисного управления и повышения эффективности предпринимательской деятельности. Текстовый материал книги сопровождается пояснительными таблицами, рисунками и схемами. 
606 1 |a Менеджмент  |2 stltpush  |3 (RuTPU)RU\TPU\subj\42098  |9 61850 
610 1 |a экономика 
610 1 |a управление 
610 1 |a организационно-правовые формы 
610 1 |a предприятия 
610 1 |a компании 
610 1 |a качество 
610 1 |a персонал 
610 1 |a предпринимательская деятельность 
610 1 |a организационно-экономическая концепция 
610 1 |a стратегический менеджмент 
610 1 |a ранжирование 
610 1 |a трудовые отношения 
610 1 |a инновационный менеджмент 
610 1 |a техническое развитие 
610 1 |a антикризисное управление 
610 1 |a леверидж 
610 1 |a учебные пособия 
686 |a У9(2)212я73  |v LBC/SL-A  |2 rubbk 
700 1 |a Круглова  |b Н. Ю.  |g Наталья Юрьевна 
801 1 |a RU  |b 63413507  |c 20090922 
801 2 |a RU  |b 63413507  |c 20150825  |g RCR 
900 |a Менеджмент 
942 |c BK 
959 |a 97/20090921  |d 2  |e 250,00  |f АНЛ:1  |f ЧЗГЛ:1